Polscy tenisiści w XXI wieku - Statystyki

Ogólne statystyki
  • Ten quiz został rozwiązany 200 razy
  • Średni wynik to 3 z 5
Statystyki odpowiedzi
MIejsce Zawodniczka Najwyśze miejsce w rankngu WTA Rok % Poprawnych
1 Hubert Hurkacz 8 2024
100%
2 Jerzy Janowicz 14 2013
72%
5 Kamil Majchrzak 75 2022
68%
3 Łukasz Kubot 41 2010
67%
4 Michał Przysiężny 57 2014
17%
Nie znaleziono quizów pasujących do podanych kryteriów
Rozkład punktacji
Procent ludzi z każdym wynikiem
Percentyl według liczby udzielonych odpowiedzi
Twoja historia wyników
Nie rozwiązałeś tego quizu